Landlocked Countries Quiz Stats

 Plays Quiz not verified by Sporcle

Challenge
Share
Tweet
Embed
Score 0/45 Timer 10:00
0 Plays Today
Continent Country % Correct
South AmericaParaguay
97.6%
South AmericaBolivia
95.1%
AfricaCentral African Republic
95.1%
AfricaSouth Sudan
95.1%
AfricaRwanda
95.1%
AfricaBurundi
95.1%
AfricaSwaziland
95.1%
AfricaLesotho
95.1%
EuropeCzechia
95.1%
EuropeSlovakia
95.1%
EuropeBelarus
95.1%
AsiaKyrgyzstan
95.1%
AsiaNepal
95.1%
AsiaBhutan
95.1%
AsiaLaos
95.1%
AfricaMali
92.7%
AfricaChad
92.7%
AfricaUganda
92.7%
AfricaEthiopia
92.7%
AfricaZambia
92.7%
AfricaMalawi
92.7%
AfricaZimbabwe
92.7%
AfricaBotswana
92.7%
Continent Country % Correct
EuropeAndorra
92.7%
EuropeLuxembourg
92.7%
EuropeSwitzerland
92.7%
EuropeLiechtenstein
92.7%
EuropeSan Marino
92.7%
EuropeKosovo
92.7%
EuropeMoldova
92.7%
AsiaKazakhstan
92.7%
AsiaUzbekistan
92.7%
AsiaTajikistan
92.7%
AsiaAfghanistan
92.7%
AsiaArmenia
90.3%
AfricaNiger
90.2%
EuropeAustria
90.2%
EuropeVatican
90.2%
EuropeSerbia
90.2%
EuropeMacedonia
90.2%
AsiaTurkmenistan
90.2%
AfricaBurkina Faso
90.2%
AsiaMongolia
87.8%
AsiaAzerbaijan
87.1%
EuropeHungary
82.9%

You're not logged in!

Compare scores with friends on all Sporcle quizzes.
OR
Log In

You Might Also Like...

Show Comments

Extras

Top Quizzes Today


Score Distribution

Your Account Isn't Verified!

In order to create a playlist on Sporcle, you need to verify the email address you used during registration. Go to your Sporcle Settings to finish the process.

Report this User

Report this user for behavior that violates our Community Guidelines.

Details: